000 00305nam a22001217a 4500
008 180516b xxu||||| |||| 00| 0 eng d
041 _aeng
080 _a043.3
100 _a0
101 _aARK-BTH
245 _aObjekt edukativo- arsimor shkolla e mesme teknike 14 klasëshe
_cElezaj,B
942 _2udc
_cBK
999 _c45849
_d45849